| 000 | 00559nam a2200193Ia 4500 | ||
|---|---|---|---|
| 005 | 20250508162246.0 | ||
| 008 | 008 250505s9999 xx 000 0 eng d | ||
| 037 | _aTextual | ||
| 040 |
_aFEDL _beng _cFEDL |
||
| 041 |
_aeng _2eng |
||
| 084 |
_a181.48, AGR _qFEDL |
||
| 100 |
_aAgrawal Madam Mohan _9772672 |
||
| 245 | 0 | _aPhilosophy of nimbarka | |
| 260 |
_aVaranasi, India _bChaukhamba Surbharati Prakashan _c1983 |
||
| 300 | _a150p. | ||
| 650 |
_aOriental Philosophy _9755543 |
||
| 942 |
_cTEXL _h181.48, AGR |
||
| 999 |
_c1375427 _d1375427 |
||